| 000 | 00852nam a2200253Ia 4500 | ||
|---|---|---|---|
| 003 | OSt | ||
| 005 | 20220925181827.0 | ||
| 006 | a|||||r|||| 00| 0 | ||
| 007 | ta | ||
| 008 | 220923b |||||||| |||| 00| 0 eng d | ||
| 020 |
_a0226726169 _c1383.6700000000001 |
||
| 037 |
_b3887, 04/01/2010, RAJKIRAN BOOK AGENCY _cGeneral Book |
||
| 040 |
_aRTL _cRTL _beng |
||
| 041 |
_2eng _aeng |
||
| 082 | _aY73(Q7).46, P8 | ||
| 100 |
_aRosen Lawrence _9249550 |
||
| 245 | 0 |
_aVarieties of Muslim Experience _b Encounters with Arab Political and Cultural Life. |
|
| 260 |
_aChicago _bThe University of Chicago Press _c2008 |
||
| 300 |
_ax, 268p _ccm. |
||
| 500 | _aBibliography: P243-65 | ||
| 650 | _aSociology | ||
| 942 |
_hY73(Q7).46, P8 _cGB _2CC |
||
| 999 |
_c500428 _d500428 |
||